000 00776nam a22002057a 4500
008 250626b |||||||| |||| 00| 0 eng d
020 _a9780199659197
040 _aCUZ
_beng
_crda
_dCUZ
_erda
050 _aD1058.G37GAR
100 _aGiuliano Garavini
245 _aAfter Empires:
_bEuropean integration ,Decolonization & the challenge from the global South 1957-1986
_cby Giuliano Garavini
264 _aNew York
_bOxford University press
_c©2012
300 _aextent ix,291pages
336 _atext
_btxt
337 _aunmediated
_bn
338 _2rdacarrier
500 _aincludes bibliography and index
650 _aHistory of Europe, Asia, Africa and Oceania 
_aEurope (General) 
_a History (General) 
942 _cOS
_i1058
_kD
999 _c45199
_d45199